Normal view
MARC view
Entry Personal Name
001 - CONTROL NUMBER
- control field: 13957
003 - CONTROL NUMBER IDENTIFIER
- control field: ARRUPE
005 - DATE AND TIME OF LATEST TRANSACTION
- control field: 20150114144020.0
008 - FIXED-LENGTH DATA ELEMENTS
- fixed length control field: 150114|| aca||aabn | a|a d
040 ## - CATALOGING SOURCE
- Original cataloging agency: ARRUPE
- Transcribing agency: ARRUPE
100 ## - HEADING--PERSONAL NAME
- Personal name: Gooding, David
670 ## - SOURCE DATA FOUND
- Source citation: Work cat.: (ARRUPE): Gooding, David, The Uses of Experiment, 1985